|
|
|
|
| LEADER |
00000nlm2a2200000 4500 |
| 001 |
344316 |
| 005 |
20231102005642.0 |
| 035 |
|
|
|a (RuTPU)RU\TPU\book\375722
|
| 090 |
|
|
|a 344316
|
| 100 |
|
|
|a 20200131d2020 k y0rusy50 ca
|
| 101 |
0 |
|
|a rus
|
| 102 |
|
|
|a RU
|
| 135 |
|
|
|a drcn ---uucaa
|
| 181 |
|
0 |
|a i
|
| 182 |
|
0 |
|a b
|
| 200 |
0 |
|
|a Т. 331, № 1
|
| 203 |
|
|
|a Текст
|c электронный
|
| 210 |
|
|
|d 2020
|
| 320 |
|
|
|a Библиогр. в конце статей
|
| 461 |
|
1 |
|0 (RuTPU)RU\TPU\book\312844
|x 2413-1830
|t Известия Томского политехнического университета [Известия ТПУ]. Инжиниринг георесурсов
|f Национальный исследовательский Томский политехнический университет (ТПУ)
|v Т. 331, № 1
|d 2015-
|
| 601 |
0 |
2 |
|a Национальный исследовательский Томский политехнический университет (ТПУ)
|c (2009- )
|2 stltpush
|3 (RuTPU)RU\TPU\col\15902
|
| 606 |
1 |
|
|a Научно-технический потенциал
|2 stltpush
|3 (RuTPU)RU\TPU\subj\45166
|9 64427
|
| 610 |
1 |
|
|a научные исследования
|
| 610 |
1 |
|
|a труды учёных ТПУ
|
| 610 |
1 |
|
|a геоэкология
|
| 610 |
1 |
|
|a окружающая среда
|
| 610 |
1 |
|
|a математические модели
|
| 610 |
1 |
|
|a утилизация
|
| 610 |
1 |
|
|a химические реакции
|
| 610 |
1 |
|
|a экология
|
| 610 |
1 |
|
|a гидрогеологические факторы
|
| 610 |
1 |
|
|a газопроводы
|
| 610 |
1 |
|
|a ресурсосберегающие технологии
|
| 610 |
1 |
|
|a экосистемы
|
| 610 |
1 |
|
|a экспериментальные исследования
|
| 610 |
1 |
|
|a пульсационные характеристики
|
| 610 |
1 |
|
|a инженерно-геокриологические исследования
|
| 610 |
1 |
|
|a геолого-технологическая информация
|
| 610 |
1 |
|
|a энергетические исследования
|
| 610 |
1 |
|
|a железосодержащие породы
|
| 610 |
1 |
|
|a вязкоупругие материалы
|
| 610 |
1 |
|
|a поверхностно-активные вещества
|
| 610 |
1 |
|
|a магматизм
|
| 610 |
1 |
|
|a эпитермальное оруденение
|
| 610 |
1 |
|
|a компьютерное моделирование
|
| 610 |
1 |
|
|a руды
|
| 610 |
1 |
|
|a горнодобывающая промышленность
|
| 610 |
1 |
|
|a строительная промышленность
|
| 610 |
1 |
|
|a геотермия
|
| 610 |
1 |
|
|a нефтегазовый потенциал
|
| 610 |
1 |
|
|a литолого-петрографические исследования
|
| 610 |
1 |
|
|a репрезентативность
|
| 610 |
1 |
|
|a кедры
|
| 610 |
1 |
|
|a дистанционное зондирование
|
| 610 |
1 |
|
|a нефтяные месторождения
|
| 675 |
|
|
|a 62
|v 3
|
| 801 |
|
2 |
|a RU
|b 63413507
|c 20200915
|g RCR
|
| 856 |
4 |
0 |
|u http://earchive.tpu.ru/bitstream/11683/57859/1/bulletin_tpu-2020-v331-i1.pdf
|
| 856 |
4 |
0 |
|u https://doi.org/10.18799/24131830/2020/1
|
| 942 |
|
|
|c CF
|